000 03534nas1a22003971i 4500
001 RU\NLR\INFOCOMM16\1000028779
005 20260407025605.0
035 _a(NLR Aleph) 002713768
090 _a1811039
_c1811039
100 _a20040217c1969 |||y0rusy50 ca
101 0 _arus
102 _aRU
110 _azyu||||0|y0
200 1 _aАннотации проектных работ, выполненных институтом
_fМ-во монтаж. и спец. строит. работ СССР. Главнефтемонтаж. Гипронефтеспецмонтаж. ЦБНТИ
210 _aМ.
_d1969-
430 0 _12001#$aСборник аннотаций проектных материалов
_tСборник аннотаций проектных материалов
430 0 _12001#$aАннотации проектных работ, выполненных институтом Гипронефтеспецмонтаж
_tАннотации проектных работ, выполненных институтом Гипронефтеспецмонтаж
440 0 _12001#$aАннотации проектных работ, выполненных
_tАннотации проектных работ, выполненных
710 0 2 _a"Гипронефтеспецмонтаж", институт
_cМосква
_3RU\NLR\AUTH\8810011397
_9520502
801 1 _aRU
_bInfoComm
_c20040217
801 0 _aRU
_bNLR
_gPSBO
852 _aNLR
_jП10/3858
942 _cSE
980 _aRUSPER